000 00866nam a2200253Ia 4500
003 OSt
005 20220930194245.0
006 a|||||r|||| 00| 0
007 ta
008 220926b |||||||| |||| 00| 0 eng d
024 _a12560
037 _cDissertations
040 _aCRL
_cCRL
_beng
041 _2eng
_aeng
100 _aSinha Anjani Kumar
_9563110
110 _aUniversity of Delhi. Faculty of Medical Sciences. Department of Orthopaedics
_9519703
245 0 _aCorrelation of various indices of osteoporosis in fracture neck femur in adults
260 _c1974
650 _aORTHOPEDICS
_9519704
700 _a Dr B Sankaran Supervisor
_9521081
700 _aUniversity of Delhi. Faculty of Medical Sciences. Department of Orthopaedics
_9519706
942 _cDIS
_2CC
999 _c897506
_d897506